Modelamiento econométrico de la percepción de calidad del servicio de transporte público por los universitarios de la Facultad de Ciencias Económicas, Financieras y Administrativas turno diurno, en el municipio de Oruro, gestión 2025 / (Registro nro. 16185)

Detalles MARC
000 -LEADER
campo de control de longitud fija 01747nam a22003014aa4500
003 - IDENTIFICADOR DE NÚMERO DE CONTROL
campo de control BOFEUTO
005 - FECHA Y HORA DE LA ÚLTIMA TRANSACCIÓN
campo de control 20260626145612.0
008 - DATOS DE LONGITUD FIJA--INFORMACIÓN GENERAL
campo de control de longitud fija 260611t2025 bo gr 000 f spa d
040 ## - FUENTE DE CATALOGACIÓN
Enlace BOFEUTO
Centro catalogador/agencia de origen BOFEUTO
Centro/agencia transcriptor BOFEUTO
041 ## - CÓDIGO DE IDIOMA
Código de lengua del texto/banda sonora o título independiente spa
044 ## - CÓDIGO DEL PAÍS DE LA ENTIDAD EDITORA/PRODUCTORA
Código MARC del país bo
082 ## - NÚMERO DE LA CLASIFICACIÓN DECIMAL DEWEY
Número de clasificación TE6327
Número de ítem B423
100 ## - ENTRADA PRINCIPAL--NOMBRE DE PERSONA
Nombre de persona Bejar Aquino, María Alejandra
Término indicativo de función/relación autor
245 ## - MENCIÓN DEL TÍTULO
Título Modelamiento econométrico de la percepción de calidad del servicio de transporte público por los universitarios de la Facultad de Ciencias Económicas, Financieras y Administrativas turno diurno, en el municipio de Oruro, gestión 2025 /
Mención de responsabilidad, etc. María Alejandra Bejar Aquino, Claudia Eliana San Martín Flores
260 ## - PUBLICACIÓN, DISTRIBUCIÓN, ETC.
Lugar de publicación, distribución, etc. Oruro :
Nombre del editor, distribuidor, etc. s/n,
Fecha de publicación, distribución, etc. 2025.
300 ## - DESCRIPCIÓN FÍSICA
Extensión 177 hojas ;
Otras características físicas ilus, gráf. ;
Dimensiones 28.5 cm.
500 ## - NOTA GENERAL
Nota general Incluye bibliografía, anexos.
502 ## - NOTA DE TESIS
Nota de tesis Tesis Dirigida, (Licenciatura) -- Universidad Técnica de Oruro, Facultad de Ciencias Económicas, Financieras y Administrativas, Carrera Ingeniería Comercial, 2025.
520 ## - RESUMEN, ETC.
Sumario, etc. La investigación adopta un enfoque cuantitativo y se sustenta en teorías de gestión de la calidad, percepción del usuario y econometría aplicada al transporte. Con base en encuestas dirigidas a universitarios, se estimó un modelo probit binario para analizar la influencia de variables socioeconómicas y operativas como expectativa, condiciones económicas, frecuencia, tiempo de espera, estado del vehículo y comodidad sobre la probabilidad de evaluar el servicio como de buena o mala calidad.
650 ## - PUNTO DE ACCESO ADICIONAL DE MATERIA--TÉRMINO DE MATERIA
Término de materia o nombre geográfico como elemento de entrada Calidad del Servicio
653 ## - TÉRMINO DE INDIZACIÓN--NO CONTROLADO
Término no controlado Calidad
653 ## - TÉRMINO DE INDIZACIÓN--NO CONTROLADO
Término no controlado Percepción
653 ## - TÉRMINO DE INDIZACIÓN--NO CONTROLADO
Término no controlado Transporte Público
653 ## - TÉRMINO DE INDIZACIÓN--NO CONTROLADO
Término no controlado Econometría
653 ## - TÉRMINO DE INDIZACIÓN--NO CONTROLADO
Término no controlado Logit
700 ## - ENTRADA AGREGADA--NOMBRE PERSONAL
Nombre de persona San Martín Flores, Claudia Eliana
Término indicativo de función/relación tutor
942 ## - ELEMENTOS DE ENTRADA SECUNDARIOS (KOHA)
Fuente del sistema de clasificación o colocación Clasificación Decimal Dewey
Tipo de ítem Koha Tesis
Suprimir en OPAC No
Existencias
Estatus retirado Estado de pérdida Fuente del sistema de clasificación o colocación Estado de daño No para préstamo Biblioteca de origen Biblioteca actual Ubicación en estantería Fecha de adquisición Número de inventario Total de préstamos Signatura topográfica completa Código de barras Visto por última vez Copia número Precio de reemplazo Tipo de ítem Koha
No dañado Disponible Clasificación Decimal Dewey No Dañado Disponible Biblioteca Central Biblioteca Central Tesis 11/06/2026 6327   TE6327/B423m TE6327 26/06/2026 Ej.1 26/06/2026 Tesis

Biblioteca Central
Dirección: Calle Cochabamba entre 6 de Octubre y Potosí s/n
Teléfono: (591-2)5281707 - 2-52-38450
Contacto: biblioteca.central@gmail.com